000
00296nam a22001217a 4500
003
SGT
082
_a
617.51
_b
F06S
100
_a
SANNA,MARIO
245
_a
THE FACIAL NERVE IN TEMPORAL BONE AND LATERAL SKULL BASE MICROSURGERY
260
_a
NEWYORK
_b
THIEME
_c
2006
300
_a
301
942
_2
ddc
_c
BK
999
_c
14399
_d
14399